| 000 | 00717nam0a22002651 4500 | ||
|---|---|---|---|
| 001 | RU\NLR\INFOCOMM10\ROSSICA\1000010983 | ||
| 005 | 20250613190514.0 | ||
| 035 | _a(NLR Aleph) 009912668 | ||
| 090 |
_a10625966 _c10625966 |
||
| 100 | _a20030717d1917 |||y0rusy50 ca | ||
| 101 | 0 | _apol | |
| 102 | _aRU | ||
| 105 | _ay ||||000ay | ||
| 200 | 1 |
_aHenryk Sienkiewicz _eStudjum poÅmiertne _fDÄ browski, Jan |
|
| 210 |
_aPetrograd _d1917 |
||
| 215 | _dp.8° | ||
| 600 | 1 |
_aSienkiewicz _bH. _gHenryk _f1846-1916 _2PSBO |
|
| 700 | 1 |
_aDÄ
browski _bJ. _gJan _4070 |
|
| 801 | 1 |
_aRU _bInfoComm _c20030717 |
|
| 801 | 0 |
_aRU _bNLR _gPSBO |
|
| 852 |
_aNLR _j30.2.11.444 |
||
| 942 | _cBOOK | ||
| 980 | _aNB | ||
| 980 | _aRossica | ||